Vyššia fáza vývoja

Viceprezident Všeobecnej úverovej banky Ing. František Szikhart o firemnej kultúre a klientskej stratégii v cieľovom smerovaní VÚB. Prechod z produktovej orientácie na proklientskú. Menové nástroje v postupoch NBS. Legislatívne prostredie ako ťažiskový moment. Znaky firemnej kultúry v praxi.

Na minha lista:
Detalhes bibliográficos
Autor principal: Szikhart, F.
Outros Autores: Herzogová, Emília
Formato: Capítulo de Livro
Idioma:eslovaco
Assuntos:
Tags: Adicionar Tag
Sem tags, seja o primeiro a adicionar uma tag!

MARC

LEADER 00000naa a2200000 4500
001 r022501
005 20230801105528.1
041 0 |a slo 
044 |a SK 
245 1 0 |a Vyššia fáza vývoja  |c F. Szikhart, Emília Herzogová 
520 |a Viceprezident Všeobecnej úverovej banky Ing. František Szikhart o firemnej kultúre a klientskej stratégii v cieľovom smerovaní VÚB. Prechod z produktovej orientácie na proklientskú. Menové nástroje v postupoch NBS. Legislatívne prostredie ako ťažiskový moment. Znaky firemnej kultúry v praxi. 
610 2 0 |a Slovensko 
610 2 0 |a 1996 
610 2 0 |a banky obchodné 
610 2 0 |a VÚB, a.s. Bratislava 
610 2 0 |a kultúra podniková 
610 2 0 |a NBS Bratislava 
610 2 0 |a legislatíva 
610 2 0 |a nástroje politiky menovej 
100 1 |a Szikhart, F. 
700 1 |a Herzogová, Emília